000 01755cam a22003854a 4500
001 14199865
003 OSt
005 20260220154115.0
008 051214s2006 tnu b 000 0 eng
010 _a 2005036459
020 _a1591454271
_qpbk.
020 _a9781591454274
_q(pbk.)
035 _a14199865
040 _aDLC
_cDLC
_dDLC
042 _apcc
050 0 0 _aBV4501.3
_b.T477 2006
082 0 0 _a248.4
_222
100 1 _aThorson, Paul.
245 1 0 _aPainting in the dark :
_bthe longing to be seen, to be heard, to be known /
_cPaul Thorson.
260 _aNashville :
_bIntegrity Publishers,
_cc2006.
300 _a165 p. ;
_c21 cm.
336 _atext
_btxt
_2rdacontent
337 _aunmediated
_bn
_2rdamedia
338 _avolume
_bnc
_2rdacarrier
504 _aIncludes bibliographical references (p. 164).
505 0 _aIntroduction -- A performance -- A little girl -- Voices -- Billy and me -- Name dropping in siberia -- Painting in the dark -- The cliffs of fairness -- In pursuit of glory -- The pretenders -- A profound repentance -- Hide-and seek -- The giver of weakness -- The giver of grace -- Vertigo -- Space.
520 _a"Escaping the performance trap to find a new sense of self, and a new sense of God"--Provided by publisher.
650 0 _aChristian life.
856 4 1 _3Table of contents only
_uhttp://www.loc.gov/catdir/toc/ecip065/2005036459.html
856 4 2 _3Publisher description
_uhttp://www.loc.gov/catdir/enhancements/fy0707/2005036459-d.html
906 _a7
_bcbc
_corignew
_d1
_eecip
_f20
_gy-gencatlg
942 _2lcc
_cBK
999 _c21311
_d21310